Placebo: Cracking the Code (Record no. 334341)
[ view plain ]
| 000 -LEADER | |
|---|---|
| fixed length control field | 00530nam a2200097Ia 4500 |
| 008 - FIXED-LENGTH DATA ELEMENTS--GENERAL INFORMATION | |
| fixed length control field | 170517s9999 xx 000 0 und d |
| 245 ## - TITLE STATEMENT | |
| Title | Placebo: Cracking the Code |
| 300 ## - PHYSICAL DESCRIPTION | |
| Extent | Featuring members of the the Harvard Placebo Study Group, "Placebo: Cracking the Code" examines the power of belief in alleviating pain, curing disease, and the healing of injuries. The placebo effect is a pervasive, albeit misunderstood, phenomenon in medicine.... |
| 650 ## - SUBJECT ADDED ENTRY--TOPICAL TERM | |
| General subdivision | Science. |
| 856 ## - ELECTRONIC LOCATION AND ACCESS | |
| Uniform Resource Identifier | <a href="http://topdocumentaryfilms.com/placebo-cracking-code/">http://topdocumentaryfilms.com/placebo-cracking-code/</a> |
| Withdrawn status | Lost status | Damaged status | Home library | Current library | Date acquired | Total Checkouts | Date last seen | Price effective from | Koha item type |
|---|---|---|---|---|---|---|---|---|---|
| College Library | College Library | 05/17/2017 | 05/17/2017 | 05/17/2017 | Documentary Films |